Princesses de fiction - Statistiques

Statistiques générales
  • Ce quiz a été pris 134 fois
  • Le résultat moyen est 15 sur 32
Statistiques - réponses
Par images Réponse % Correct
Blanche-Neige
96%
Elsa
96%
Jasmine
95%
Peach
95%
Ariel
94%
Fiona
92%
Wonder Woman
85%
Tiana
84%
Merida
79%
Peau d'Ane
73%
Leia
68%
Zelda
61%
Vanellope
57%
Bloom
54%
Daenerys
50%
Marianne
37%
Chichi
32%
Xena la guerrière
31%
Kiara
27%
Neytiri
26%
Vivi
24%
Nausicaa
23%
Azula
20%
Selenia
20%
Ciri
19%
Eowyn
17%
Blaze
12%
Jadina
12%
Princesse Chewing-gum
10%
Margie
8%
Jade
5%
Rahazade
4%
Aucun quiz correspondant
Distribution des résultats
% des personnes avec chaque résultat
Percentile par nombre de réponses
Votre historique - résultats
Vous n’avez pas pris ce quiz